<?xml version="1.0" encoding="UTF-8"?>
<record
    xmlns:xsi="http://www.w3.org/2001/XMLSchema-instance"
    xsi:schemaLocation="http://www.loc.gov/MARC21/slim http://www.loc.gov/standards/marcxml/schema/MARC21slim.xsd"
    xmlns="http://www.loc.gov/MARC21/slim">

  <leader>01518nam a22002778i 4500</leader>
  <controlfield tag="001">0008093847</controlfield>
  <controlfield tag="003">OSt</controlfield>
  <controlfield tag="005">20260528202137.0</controlfield>
  <controlfield tag="008">251211s2026    quc           00  f fre  </controlfield>
  <datafield tag="020" ind1=" " ind2=" ">
    <subfield code="a">9782898601675</subfield>
  </datafield>
  <datafield tag="020" ind1=" " ind2=" ">
    <subfield code="a">2898601675</subfield>
  </datafield>
  <datafield tag="040" ind1=" " ind2=" ">
    <subfield code="a">QMBN</subfield>
    <subfield code="b">fre</subfield>
    <subfield code="e">rda</subfield>
    <subfield code="c">QMBN</subfield>
  </datafield>
  <datafield tag="050" ind1=" " ind2="4">
    <subfield code="a">PS8643.E736</subfield>
  </datafield>
  <datafield tag="082" ind1="0" ind2="4">
    <subfield code="a">V 516nde</subfield>
    <subfield code="2">23/20251211</subfield>
  </datafield>
  <datafield tag="100" ind1="1" ind2=" ">
    <subfield code="a">Verilli, Sandra,</subfield>
    <subfield code="d">1978-</subfield>
    <subfield code="e">auteur</subfield>
  </datafield>
  <datafield tag="245" ind1="1" ind2="0">
    <subfield code="a">Nos d&#xE9;tours en &#xC9;cosse /</subfield>
    <subfield code="c">Sandra Verilli</subfield>
  </datafield>
  <datafield tag="263" ind1=" " ind2=" ">
    <subfield code="a">202604</subfield>
  </datafield>
  <datafield tag="264" ind1=" " ind2="1">
    <subfield code="a">Blainville, Qu&#xEF;&#xBF;&#xBD;bec :</subfield>
    <subfield code="b">A &#xEF;&#xBF;&#xBD;diteur,</subfield>
    <subfield code="c">2026</subfield>
  </datafield>
  <datafield tag="300" ind1=" " ind2=" ">
    <subfield code="a">pages cm</subfield>
  </datafield>
  <datafield tag="336" ind1=" " ind2=" ">
    <subfield code="a">texte</subfield>
    <subfield code="b">txt</subfield>
    <subfield code="2">rdacontent</subfield>
  </datafield>
  <datafield tag="337" ind1=" " ind2=" ">
    <subfield code="a">sans m&#xEF;&#xBF;&#xBD;diation</subfield>
    <subfield code="b">n</subfield>
    <subfield code="2">rdamedia</subfield>
  </datafield>
  <datafield tag="338" ind1=" " ind2=" ">
    <subfield code="a">volume</subfield>
    <subfield code="b">nc</subfield>
    <subfield code="2">rdacarrier</subfield>
  </datafield>
  <datafield tag="520" ind1=" " ind2=" ">
    <subfield code="a">Et si la vie leur donnait une deuxi&#xE8;me chance de r&#xE9;aliser leurs r&#xEA;ves? Ellie Deschamps est passionn&#xE9;e par la s&#xE9;rie t&#xE9;l&#xE9; &#xAB;Les Voyageurs&#xBB;. Elle conna&#xEE;t tout sur cette saga &#xE9;cossaise et s&#x2019;y accroche comme &#xE0; une &#xE9;chappatoire : quand on a peur d&#x2019;aimer pour de vrai, c&#x2019;est plus simple de vibrer &#xE0; travers les histoires des autres. De son c&#xF4;t&#xE9;, Malcolm McKinnon a abandonn&#xE9; ses r&#xEA;ves pour reprendre l&#x2019;entreprise familiale. L&#x2019;&#xC9;cossais guide les touristes &#xE0; contrec&#x153;ur et il ne supporte pas qu&#x2019;on lui impose un itin&#xE9;raire inspir&#xE9; de la s&#xE9;rie qu&#x2019;il d&#xE9;teste. Par un concours de circonstances, Ellie et Malcolm devront s&#x2019;unir pour concevoir ce tour guid&#xE9;.</subfield>
  </datafield>
  <datafield tag="942" ind1=" " ind2=" ">
    <subfield code="2">ddc</subfield>
    <subfield code="c">ROM ADULTE</subfield>
  </datafield>
  <datafield tag="999" ind1=" " ind2=" ">
    <subfield code="c">18860</subfield>
    <subfield code="d">18860</subfield>
  </datafield>
  <datafield tag="952" ind1=" " ind2=" ">
    <subfield code="0">0</subfield>
    <subfield code="1">0</subfield>
    <subfield code="2">ddc</subfield>
    <subfield code="4">0</subfield>
    <subfield code="7">0</subfield>
    <subfield code="a">HENRYVILLE</subfield>
    <subfield code="b">HENRYVILLE</subfield>
    <subfield code="d">2026-05-28</subfield>
    <subfield code="l">0</subfield>
    <subfield code="o">V 516nde</subfield>
    <subfield code="p">30001030026712</subfield>
    <subfield code="r">2026-05-28 20:21:55</subfield>
    <subfield code="w">2026-05-28</subfield>
    <subfield code="y">ROM ADULTE</subfield>
  </datafield>
</record>
